| 000 | 00457nam a2200157Ia 4500 | ||
|---|---|---|---|
| 008 | 230714s9999 xx 000 0 und d | ||
| 020 | _a9790000000000 | ||
| 041 | _aeng | ||
| 082 |
_a428.0071 _bGAN |
||
| 100 |
_aGangal J.K. _9193947 |
||
| 245 | _aPractical Course In Effective English Speaking Skills | ||
| 260 | _bPHI Learning | ||
| 365 |
_cRs. _b275.00 |
||
| 700 |
_aGangal J.K. _9193947 |
||
| 906 |
_dO:0384525-Apr-2014B:IN 8120-Apr-2014 _cGENRL _b371.25 |
||
| 999 |
_c211532 _d211532 |
||